01200nam a2200277Ia 4500001001100000003000500011008004100016010001100057040000900068090002200077100004400099245025300143260003400396300002200430502010500452700004800557710005800605901002200663902000600685905006300691910000900754942000900763942001200772999001900784952011900803Para_10055CHAP220125sNovi xx 000 0 und d a208741 cCHAP aPA CD - TESIS 136 aGarcía Contreras, Irving Bogar945872 aEfectividad biológica de bramai 001 para el control de mildiú Pseudoperonospora cubensis (Berk. & M. A. Curtis) Rostovzev en pepino (Cucumis sativus L.) en Cuautla, Morelos /c Irving Bogar García Contreras; Director Santos Gerardo Leyva Mir aChapingo, Méx. :b el autor a1 CDS ROM (42 p.) aTesis (Ing. Agr. Esp. en Parasitología Agrícola). UACh. Departamento Parasitología Agrícola aLeyva Mir, Santos Gerardo. Director9171335 aUACh. Departamento Parasitología Agrícola9164025 aPA CD - TESIS 136 aM a513220Noviembre, 2011 anm 8100000000 06 aNovi cPARA cPARAd2 c208741d208741 00102local4051708TESISaPAbPAc10d2014-12-04fPARAl0pPA_010204r2022-01-25 00:00:00t1w2022-01-25yTDz3